000 00854nam a2200229 a 4500
005 20230511063533.0
008 991125s1978 mx 000 0 spa u
035 _aUPN01000031434
049 _aCG
050 4 _aF1203
_bH5.7 v.12
100 1 _aMeyer, Lorenzo,
_d1942-
_928980
245 1 4 _aLos inicios de la institucionalización :
_bla política del maximato /
_cpor Lorenzo Meyer ; colab. Rafael Segovia y Alejandra Lajous.
260 _aMéxico :
_bEl Colegio de México,
_c1978.
300 _a314 p. :
_bil., retrs.
440 0 _aHistoria de la revolución mexicana ;
_v12
500 _a"Período 1928-1934"
651 4 _aMéxico
_xHistoria
_yRevolución, 1910-1917
_9223
651 4 _aMEXICO -
_xHISTORIA -
_y1911-
700 1 _aSegovia, Rafael,
_d1951-
_ecolab.
_940494
700 1 _aLajous Vargas, Alejandra,
_d1948-
_ecolab.
_928936
905 _aLibro
999 _c31434
_d31434